000 004340000a22001690004500
003 MACL
005 20160102173756.0
008 160102b xxu||||| |||| 00| 0 eng d
040 _aMACL
_cMACL
041 _aEnglish
082 _a634/JAI
100 _aGangolly, S R
_927478
245 _aThe Mango
260 _bIndian Council of Agridultural Research
_c1957
_aNew Delhi
650 _aAgriculture
_927479
942 _cBK
_k634/ Gan
_2ddc
999 _c34989
_d34989